Encyclopaedia of Indian culture (Record no. 1434279)
[ view plain ]
| 000 -LEADER | |
|---|---|
| fixed length control field | 00902nam a22002297a 4500 |
| 005 - DATE AND TIME OF LATEST TRANSACTION | |
| control field | 20250725112228.0 |
| 008 - FIXED-LENGTH DATA ELEMENTS--GENERAL INFORMATION | |
| fixed length control field | 250725b |||||||| |||| 00| 0 eng d |
| 020 ## - INTERNATIONAL STANDARD BOOK NUMBER | |
| International Standard Book Number | 978-93-88121-03-3 (hbk (Set)) |
| 037 ## - SOURCE OF ACQUISITION | |
| Terms of availability | REF |
| 040 ## - CATALOGING SOURCE | |
| Original cataloging agency | CL |
| Transcribing agency | CL |
| 041 ## - LANGUAGE CODE | |
| Source of code | eng |
| Language code of text/sound track or separate title | eng |
| 084 ## - COLON CLASSIFICATION NUMBER | |
| Classification number | Y:1k2 Q8.1-.5 |
| Assigning agency | REF |
| 100 ## - MAIN ENTRY--PERSONAL NAME | |
| Personal name | Jaiswal, Anuradha |
| 9 (RLIN) | 588575 |
| 245 ## - TITLE STATEMENT | |
| Title | Encyclopaedia of Indian culture |
| 260 ## - PUBLICATION, DISTRIBUTION, ETC. | |
| Place of publication, distribution, etc. | New Delhi, India: |
| Name of publisher, distributor, etc. | World Heritage, |
| Date of publication, distribution, etc. | 2018. |
| 300 ## - PHYSICAL DESCRIPTION | |
| Extent | viii,232p. (Vol. 1) |
| -- | 234,464p. (Vol. 2) |
| -- | 466,696p. (Vol. 3) |
| -- | 698,928p. (Vol. 4) |
| -- | 930,1160p. (Vol. 5) |
| 365 ## - TRADE PRICE | |
| Price amount | 7500.00 |
| Currency code | INR |
| 650 ## - SUBJECT ADDED ENTRY--TOPICAL TERM | |
| Topical term or geographic name entry element | CULTURE |
| 650 ## - SUBJECT ADDED ENTRY--TOPICAL TERM | |
| Topical term or geographic name entry element | Encylopeadia |
| 9 (RLIN) | 816510 |
| 942 ## - ADDED ENTRY ELEMENTS (KOHA) | |
| Source of classification or shelving scheme | Colon Classification (CC) |
| Koha item type | Reference |
| Classification part | Y:1k2 Q8.1-.5 |
| Suppress in OPAC | No |
| Withdrawn status | Lost status | Source of classification or shelving scheme | Damaged status | Not for loan | Home library | Current library | Date acquired | Source of acquisition | Cost, normal purchase price | Serial Enumeration / chronology | Inventory number | Total Checkouts | Full call number | Barcode | Date last seen | Price effective from | Koha item type |
|---|---|---|---|---|---|---|---|---|---|---|---|---|---|---|---|---|---|
| Colon Classification (CC) | Central Library | Central Library | 2025-07-25 | Better Book Service | 7500.00 | Vol.1 | BBS/34 & 2019-01-29 | Y:1k2 Q8.1 | CL1658858 | 2025-07-25 | 2025-07-25 | Reference | |||||
| Colon Classification (CC) | Central Library | Central Library | 2025-07-25 | Better Book Service | 7500.00 | Vol. 2 | BBS/34 & 2019-01-29 | Y:1k2 Q8.2 | CL1658859 | 2025-07-25 | 2025-07-25 | Reference | |||||
| Colon Classification (CC) | Central Library | Central Library | 2025-07-25 | Better Book Service | 7500.00 | Vol. 3 | BBS/34 & 2019-01-29 | Y:1k2 Q8.3 | CL1658860 | 2025-07-25 | 2025-07-25 | Reference | |||||
| Colon Classification (CC) | Central Library | Central Library | 2025-07-25 | Better Book Service | 7500.00 | Vol. 4 | BBS/34 & 2019-01-29 | Y:1k2 Q8.4 | CL1658861 | 2025-07-25 | 2025-07-25 | Reference | |||||
| Colon Classification (CC) | Central Library | Central Library | 2025-07-25 | Better Book Service | 7500.00 | Vol. 5 | BBS/34 & 2019-01-29 | Y:1k2 Q8.5 | CL1658862 | 2025-07-25 | 2025-07-25 | Reference |
